The defence of India act of 1939 (Record no. 379266)

000 -LEADER
fixed length control field 00299cam a22001097a 4500
008 - FIXED-LENGTH DATA ELEMENTS--GENERAL INFORMATION
fixed length control field 180718b1944 xxu||||| |||| 00| 0 eng d
082 ## - DEWEY DECIMAL CLASSIFICATION NUMBER
Classification number A42x54 In2/39/wd
100 ## - MAIN ENTRY--PERSONAL NAME
Personal name The Madras law Journal Office
245 ## - TITLE STATEMENT
Title The defence of India act of 1939
260 ## - PUBLICATION, DISTRIBUTION, ETC.
Place of publication, distribution, etc. Madras
Name of publisher, distributor, etc. The author
Date of publication, distribution, etc. 1944
300 ## - PHYSICAL DESCRIPTION
Extent 229p
Holdings
Withdrawn status Lost status Damaged status Not for loan Permanent Location Current Location Date acquired Full call number Barcode Date last seen Price effective from Koha item type
        Indian Institute of Public Administration Indian Institute of Public Administration 1996-02-19 A42x54 In2/39/wd 2466 2018-07-21 2018-07-21 Book

Powered by Koha